[Event "69th Moscow Blitz"]
[Site "Moscow RUS"]
[Date "2015.09.06"]
[Round "5.5"]
[White "Novikov, Stanislav"]
[Black "Sychev, Klementy"]
[Result "1/2-1/2"]
[WhiteTitle "GM"]
[BlackTitle "IM"]
[WhiteElo "2536"]
[BlackElo "2414"]
[WhiteFideId "4125371"]
[BlackFideId "4114060"]
[EventDate "2015.09.06"]
[EventType "blitz"]

1. e4 c5 2. Nf3 d6 3. d4 cxd4 4. Nxd4 Nf6 5. Nc3 a6 6. Be3 e5 7. Nb3 Be6 8. Qd2
Nbd7 9. f4 b5 10. O-O-O Rc8 11. Kb1 Qc7 12. f5 Bc4 13. g4 Nxg4 14. Rg1 Nxe3 15.
Qxe3 Qb6 16. Qg3 Nf6 17. Nd2 Bxf1 18. Nxf1 Rxc3 19. Qxc3 Qxg1 20. Ne3 Qf2 21.
Qc8+ Ke7 22. Qc7+ Ke8 23. Qb8+ Kd7 24. Qa7+ Ke8 25. Qb8+ Kd7 26. Qa7+ Ke8 27.
Qb8+ Kd7 1/2-1/2

[Event "69th Moscow Blitz"]
[Site "Moscow RUS"]
[Date "2015.09.06"]
[Round "5.8"]
[White "Onischuk, Alexander"]
[Black "Demidov, Mikhail"]
[Result "0-1"]
[WhiteTitle "GM"]
[BlackTitle "IM"]
[WhiteElo "2662"]
[BlackElo "2497"]
[WhiteFideId "14101025"]
[BlackFideId "4197143"]
[EventDate "2015.09.06"]
[EventType "blitz"]

1. d4 d5 2. c4 c6 3. Nc3 dxc4 4. e4 b5 5. a4 b4 6. Nb1 Nf6 7. Qc2 Qxd4 8. f3 Ba6
9. Ne2 Qc5 10. Ng3 e6 11. Qf2 Nbd7 12. Be3 Qa5 13. Nd2 b3 14. Be2 Bb4 15. Rd1
Ne5 16. O-O Rd8 17. Nb1 O-O 18. Bxa7 c5 19. f4 Nc6 20. e5 Nd5 21. Nh5 Nxa7 22.
Qg3 g6 23. Qg5 f5 24. exf6 Qc7 25. Bg4 Bc8 26. Rf3 Nc6 27. Ng7 Rxf6 28. Rxd5
Rxd5 29. Qxf6 Qf7 30. Bxe6 Bxe6 31. Qxe6 Qxe6 32. Nxe6 Nd4 33. Nxd4 cxd4 34. Kf2
Ra5 35. Ke2 Rxa4 36. f5 Ra2 0-1

[Event "69th Moscow Blitz"]
[Site "Moscow RUS"]
[Date "2015.09.06"]
[Round "6.1"]
[White "Grachev, Boris"]
[Black "Riazantsev, Alexander"]
[Result "1/2-1/2"]
[WhiteTitle "GM"]
[BlackTitle "GM"]
[WhiteElo "2649"]
[BlackElo "2646"]
[WhiteFideId "4129199"]
[BlackFideId "4125029"]
[EventDate "2015.09.06"]
[EventType "blitz"]

1. d4 g6 2. Bf4 Bg7 3. e3 d6 4. Nf3 Nd7 5. h3 e5 6. Bh2 Nh6 7. Be2 O-O 8. O-O b6
9. a4 a5 10. c3 Bb7 11. Na3 Kh8 12. Nb5 Rc8 13. Na7 Ra8 14. Nb5 Rc8 15. Na7 Ra8
16. Nb5 1/2-1/2

[Event "69th Moscow Blitz"]
[Site "Moscow RUS"]
[Date "2015.09.06"]
[Round "6.6"]
[White "Sychev, Klementy"]
[Black "Oparin, Grigoriy"]
[Result "0-1"]
[WhiteTitle "IM"]
[BlackTitle "GM"]
[WhiteElo "2414"]
[BlackElo "2569"]
[WhiteFideId "4114060"]
[BlackFideId "24125890"]
[EventDate "2015.09.06"]
[EventType "blitz"]

1. e4 c5 2. Nf3 d6 3. d4 cxd4 4. Nxd4 Nf6 5. Nc3 a6 6. Bg5 Nbd7 7. Bc4 Qb6 8.
Qd2 e6 9. O-O-O Be7 10. Be3 Nc5 11. f3 Qc7 12. Bb3 b5 13. Kb1 Bb7 14. Kc1 Bc8
15. Kb1 Bb7 16. g4 Nfd7 17. g5 Ne5 18. Rhe1 Rb8 19. Ka1 O-O 20. h4 b4 21. Nce2
a5 22. Nf4 Qc8 23. c3 Nxb3+ 24. axb3 bxc3 25. Qxc3 0-1

[Event "69th Moscow Blitz"]
[Site "Moscow RUS"]
[Date "2015.09.06"]
[Round "6.8"]
[White "Vavulin, Maksim"]
[Black "Zvjaginsev, Vadim"]
[Result "0-1"]
[WhiteTitle "IM"]
[BlackTitle "GM"]
[WhiteElo "2441"]
[BlackElo "2660"]
[WhiteFideId "4169530"]
[BlackFideId "4113403"]
[EventDate "2015.09.06"]
[EventType "blitz"]

1. e4 c5 2. b3 g6 3. Bb2 Nf6 4. e5 Nh5 5. e6 f6 6. exd7+ Bxd7 7. Nc3 Nc6 8. g3
Nd4 9. Bg2 Bc6 10. Bxc6+ Nxc6 11. Qe2 Nd4 12. Qd3 Bh6 13. O-O-O O-O 14. Nge2 Rc8
15. Rhe1 e5 16. Kb1 Kh8 17. Ne4 Qc7 18. f4 Bg7 19. fxe5 fxe5 20. Ng5 Qd7 21. Nc3
b5 22. Qe4 c4 23. Qd5 Qf5 24. Nce4 cxb3 25. cxb3 h6 26. g4 Qxg4 27. Nf7+ Kh7 28.
Nxe5 Rfd8 29. Qf7 Qf5 30. Qxf5 Nxf5 31. d4 Nf4 32. Ng3 Nxg3 33. hxg3 Nd5 34. Rc1
a6 35. Rc5 g5 36. Rec1 Ra8 37. Rc6 Ra7 38. Re6 Raa8 39. Rcc6 Rac8 40. Rxa6 Nc3+
41. Bxc3 Rxc3 42. Rad6 Rxd6 43. Rxd6 Rxg3 44. Nc6 h5 45. d5 h4 46. Re6 h3 47.
Re2 Rg1+ 48. Kc2 Rg2 49. Kd3 Rxe2 0-1

[Event "69th Moscow Blitz"]
[Site "Moscow RUS"]
[Date "2015.09.06"]
[Round "6.9"]
[White "Najer, Evgeniy"]
[Black "Kobalia, Mikhail"]
[Result "1/2-1/2"]
[WhiteTitle "GM"]
[BlackTitle "GM"]
[WhiteElo "2658"]
[BlackElo "2632"]
[WhiteFideId "4118987"]
[BlackFideId "4119150"]
[EventDate "2015.09.06"]
[EventType "blitz"]

1. d4 d5 2. c4 c6 3. cxd5 cxd5 4. Nc3 e6 5. Bf4 Nc6 6. e3 Bd6 7. Bxd6 Qxd6 8.
Bd3 Nge7 9. Nf3 Bd7 10. Rc1 O-O 11. O-O Rfc8 12. Qe2 Be8 13. Bb1 f6 14. Rfd1 Bg6
15. e4 Bh5 16. h3 Qf4 17. exd5 exd5 18. Rd3 Bg6 19. Re3 Qd6 20. Bxg6 Nxg6 21. g3
Qd7 22. Kg2 Nce7 23. Qd3 Nf5 24. Re2 Re8 25. Rce1 Rxe2 26. Rxe2 a6 27. h4 h5 28.
Re1 Rd8 29. b3 b5 30. a4 b4 31. Nd1 a5 32. Ne3 Nge7 33. Qa6 Nxe3+ 34. Rxe3 Nf5
35. Re1 Rc8 36. Qxa5 Nxg3 37. Qb5 Qxb5 38. axb5 Ne4 39. Ra1 Rb8 40. Ra5 Nc3 41.
Ne1 Rxb5 42. Rxb5 Nxb5 43. Nc2 Kf7 44. Kf3 Ke6 45. Ke3 g5 46. hxg5 fxg5 47. Nxb4
h4 48. Nc2 Kf5 49. f3 h3 50. Kf2 Kf4 51. Ne3 Nc3 52. Ng4 Nd1+ 53. Ke2 Nc3+ 54.
Kf2 Nb5 55. Nf6 Nc3 56. Nh5+ Kf5 57. Kg3 Ne2+ 58. Kxh3 Nxd4 59. Kg3 Nxb3 60. f4
d4 61. fxg5 d3 62. Kf3 Ke5 1/2-1/2

[Event "69th Moscow Blitz"]
[Site "Moscow RUS"]
[Date "2015.09.06"]
[Round "6.10"]
[White "Mozharov, Mikhail"]
[Black "Dubov, Daniil"]
[Result "1/2-1/2"]
[WhiteTitle "GM"]
[BlackTitle "GM"]
[WhiteElo "2573"]
[BlackElo "2661"]
[WhiteFideId "4189825"]
[BlackFideId "24126055"]
[EventDate "2015.09.06"]
[EventType "blitz"]

1. Nf3 Nf6 2. g3 g6 3. Bg2 Bg7 4. O-O O-O 5. d4 b6 6. c4 Bb7 7. Nc3 Ne4 8. Nxe4
Bxe4 9. Be3 Qc8 10. Qd2 d5 11. cxd5 Bxd5 12. Bh6 Qb7 13. Be3 Qc8 14. Bh6 Qb7 15.
Bxg7 Kxg7 16. Rfe1 Be4 17. Rac1 Nd7 18. d5 Nf6 19. Qc3 Rac8 20. Bh3 Rb8 21. Qxc7
Bxd5 22. Qxb7 Rxb7 23. b3 a5 24. Nd4 a4 25. bxa4 Ra8 26. Nb5 Rxa4 27. Nc3 Ra5
28. Nxd5 Nxd5 29. Bg2 Rba7 30. Bxd5 Rxd5 31. Rb1 Ra6 32. Rb2 Rda5 33. Ra1 h5 34.
Kf1 h4 35. Rab1 Rxa2 36. Rxa2 Rxa2 37. Rxb6 h3 38. Rb1 f5 1/2-1/2

[Event "69th Moscow Blitz"]
[Site "Moscow RUS"]
[Date "2015.09.06"]
[Round "7.1"]
[White "Dubov, Daniil"]
[Black "Grachev, Boris"]
[Result "1-0"]
[WhiteTitle "GM"]
[BlackTitle "GM"]
[WhiteElo "2661"]
[BlackElo "2649"]
[WhiteFideId "24126055"]
[BlackFideId "4129199"]
[EventDate "2015.09.06"]
[EventType "blitz"]

1. d4 d5 2. c4 e6 3. Nf3 Nf6 4. g3 Bb4+ 5. Nbd2 O-O 6. Bg2 c5 7. O-O cxd4 8.
Nxd4 Nc6 9. Nxc6 bxc6 10. Qc2 a5 11. Rd1 Ba6 12. b3 a4 13. Bb2 a3 14. Bc3 Qa5
15. Rac1 Bxc3 16. Qxc3 Qxc3 17. Rxc3 Rfd8 18. Rdc1 g6 19. e3 dxc4 20. Nxc4 Bxc4
21. Rxc4 Rd2 22. Bxc6 Rad8 23. R1c2 h5 24. h3 Rd1+ 25. Kg2 Rb1 26. b4 Rb2 27. b5
Rd2 28. Rxd2 Rxd2 29. b6 Rxa2 30. b7 Rb2 31. Ra4 a2 32. Rxa2 Rxa2 33. b8=Q+ Kg7
34. Qe5 Rc2 35. Bf3 Rc4 36. g4 hxg4 37. hxg4 1-0

[Event "69th Moscow Blitz"]
[Site "Moscow RUS"]
[Date "2015.09.06"]
[Round "7.2"]
[White "Kobalia, Mikhail"]
[Black "Mozharov, Mikhail"]
[Result "1/2-1/2"]
[WhiteTitle "GM"]
[BlackTitle "GM"]
[WhiteElo "2632"]
[BlackElo "2573"]
[WhiteFideId "4119150"]
[BlackFideId "4189825"]
[EventDate "2015.09.06"]
[EventType "blitz"]

1. e4 c6 2. d4 d5 3. Nd2 dxe4 4. Nxe4 Bf5 5. Ng3 Bg6 6. h4 h6 7. Nf3 e6 8. Ne5
Bh7 9. Bd3 Bxd3 10. Qxd3 Nf6 11. Bd2 Be7 12. O-O-O O-O 13. Kb1 c5 14. Be3 Nbd7
15. f4 Qc7 16. Nxd7 Nxd7 17. d5 c4 18. Qe2 exd5 19. Nf5 Bf6 20. g4 d4 21. Bxd4
Rfe8 22. Qf3 Bxd4 23. Rxd4 Nf8 24. Qc3 Qc6 25. Rhd1 Qg6 26. Rg1 h5 27. Rd6 Ne6
28. Ne3 Qe4 29. gxh5 Kf8 30. f5 Nd4 31. Rxd4 Qxe3 32. Qxe3 Rxe3 33. Rxc4 Rf3 34.
Rc5 Rf4 35. h6 gxh6 36. a3 b6 37. Rd5 Ke7 38. Re1+ Kf6 39. Rd6+ Kxf5 40. Rxh6 f6
41. Re7 Rc4 42. Rhh7 a5 43. h5 Rd8 44. c3 Rh4 45. Re2 Rd1+ 46. Ka2 Rf1 47. Rd7
a4 48. Rd5+ Kg4 49. Rd4+ Kxh5 50. Rxh4+ Kxh4 51. Re4+ Kg3 52. Rxa4 f5 53. Rb4 f4
54. Rxb6 f3 55. Rg6+ Kf4 56. Rf6+ Ke3 57. a4 f2 58. a5 Rg1 59. a6 f1=Q 60. Rxf1
Rxf1 61. a7 Rf8 62. Kb3 Ke4 63. Kc4 Ra8 64. b4 Rxa7 65. Kc5 Rc7+ 66. Kd6 Rxc3
67. b5 Rh3 68. b6 Rh6+ 69. Kc7 Kd5 70. b7 Rh7+ 71. Kb6 Rh8 72. Kc7 1/2-1/2

[Event "69th Moscow Blitz"]
[Site "Moscow RUS"]
[Date "2015.09.06"]
[Round "7.3"]
[White "Zvjaginsev, Vadim"]
[Black "Najer, Evgeniy"]
[Result "0-1"]
[WhiteTitle "GM"]
[BlackTitle "GM"]
[WhiteElo "2660"]
[BlackElo "2658"]
[WhiteFideId "4113403"]
[BlackFideId "4118987"]
[EventDate "2015.09.06"]
[EventType "blitz"]

1. e4 c5 2. c3 Nf6 3. e5 Nd5 4. Nf3 Nc6 5. Bc4 Nb6 6. Bb3 c4 7. Bc2 g5 8. O-O g4
9. Ne1 Nxe5 10. d4 cxd3 11. Nxd3 Nxd3 12. Qxd3 d6 13. a4 Bg7 14. Bg5 Be6 15. Re1
Nd7 16. Nd2 Ne5 17. Qe4 Qd7 18. a5 f5 19. Qa4 Qxa4 20. Rxa4 Kf7 21. Be3 Rhc8 22.
Rea1 Rc7 23. R1a3 Bf6 24. Kf1 h5 25. Ke1 h4 26. Bd4 h3 27. g3 Bd7 28. Rb4 Nc6
29. Bb3+ e6 30. Rc4 d5 31. Rc5 Bxd4 32. cxd4 Rac8 33. Ra4 Ke7 34. Bd1 Kd6 35.
Nb3 Nb8 36. Ra1 Na6 37. Rxc7 Rxc7 38. Be2 Nb4 39. Nc5 Nc2+ 0-1

[Event "69th Moscow Blitz"]
[Site "Moscow RUS"]
[Date "2015.09.06"]
[Round "7.4"]
[White "Novikov, Stanislav"]
[Black "Vavulin, Maksim"]
[Result "0-1"]
[WhiteTitle "GM"]
[BlackTitle "IM"]
[WhiteElo "2536"]
[BlackElo "2441"]
[WhiteFideId "4125371"]
[BlackFideId "4169530"]
[EventDate "2015.09.06"]
[EventType "blitz"]

1. e4 g6 2. d4 Bg7 3. c4 c5 4. d5 d6 5. Nc3 e6 6. Bd3 Ne7 7. Nge2 O-O 8. O-O a6
9. a4 Nd7 10. Rb1 Ne5 11. b3 Nxd3 12. Qxd3 f5 13. dxe6 Bxe6 14. Bb2 Nc6 15. Nf4
fxe4 16. Qxe4 Bf5 17. Qd5+ Kh8 18. Ne6 Bxe6 19. Qxe6 Nd4 20. Qd5 Rf5 21. Qe4 Qg5
22. Qxb7 Raf8 23. Ne4 Qf4 24. Bxd4 Bxd4 25. Kh1 Re5 26. Ng3 Bxf2 27. Rbd1 Qxg3
28. Rxd6 Qxh2+ 0-1

[Event "69th Moscow Blitz"]
[Site "Moscow RUS"]
[Date "2015.09.06"]
[Round "7.6"]
[White "Inarkiev, Ernesto"]
[Black "Sychev, Klementy"]
[Result "1-0"]
[WhiteTitle "GM"]
[BlackTitle "IM"]
[WhiteElo "2660"]
[BlackElo "2414"]
[WhiteFideId "4162722"]
[BlackFideId "4114060"]
[EventDate "2015.09.06"]
[EventType "blitz"]

1. c4 Nf6 2. Nf3 c6 3. e3 d5 4. Nc3 e6 5. b3 Nbd7 6. Bb2 Bd6 7. Be2 O-O 8. O-O
e5 9. cxd5 cxd5 10. Nb5 Bb8 11. Ba3 Re8 12. Nd6 Bxd6 13. Bxd6 e4 14. Nd4 Ne5 15.
Bxe5 Rxe5 16. Rc1 Bd7 17. Rc3 Qb6 18. Qc2 Ree8 19. Rc1 h6 20. b4 Rac8 21. Qb3
Rxc3 22. Rxc3 Rc8 23. h3 Rxc3 24. Qxc3 Kf8 25. a4 Qd6 26. a5 Ne8 27. Bb5 a6 28.
Bxd7 Qxd7 29. b5 axb5 30. Qc5+ Kg8 31. Nxb5 Kh7 32. Qb6 f5 33. d4 exd3 34. Nd4
Nf6 35. Qb1 d2 36. Qd1 Ne4 37. f3 Qc7 38. Nc2 Nd6 39. Qxd2 Nc4 40. Qc3 Qxa5 41.
Qd3 Nd6 42. Nd4 g6 43. h4 Qa1+ 44. Kh2 Qb2 45. h5 Qb6 46. hxg6+ Kxg6 47. g4 Qd8
48. Nxf5 Nxf5 49. Qxf5+ Kg7 50. Kg3 b5 51. Qe5+ Kh7 52. f4 b4 53. f5 b3 54. f6
Kg6 55. Qh5+ Kh7 56. Qf7+ 1-0

[Event "69th Moscow Blitz"]
[Site "Moscow RUS"]
[Date "2015.09.06"]
[Round "8.2"]
[White "Demidov, Mikhail"]
[Black "Riazantsev, Alexander"]
[Result "1/2-1/2"]
[WhiteTitle "IM"]
[BlackTitle "GM"]
[WhiteElo "2497"]
[BlackElo "2646"]
[WhiteFideId "4197143"]
[BlackFideId "4125029"]
[EventDate "2015.09.06"]

1. d4 g6 2. e4 Bg7 3. Nf3 c5 4. dxc5 Qa5+ 5. c3 Qxc5 6. Be3 Qc7 7. Na3 Nc6 8.
Nb5 Qd8 9. Bc4 a6 10. Nbd4 Nf6 11. e5 Ne4 12. Bd5 f5 13. exf6 Nxf6 14. Bb3 d5
15. O-O O-O 16. h3 Na5 17. Re1 Kh8 18. Bf4 Ne4 19. Be3 Nf6 20. Bf4 Ne4 21. Bh2
Nxb3 22. Qxb3 e6 23. Rad1 Qe7 24. Re2 b5 25. Nc6 Qc5 26. Nce5 Ra7 27. Nd4 Rc7
28. f3 Nd6 29. Rde1 Re7 30. Kh1 Nc4 31. a3 Bb7 32. Qd1 Qb6 33. Nxc4 bxc4 34. Be5
Bc8 35. Bxg7+ Kxg7 36. Qd2 Rf6 37. Re5 Bd7 38. R1e2 Qd6 39. Qg5 h6 40. Qg3 Qb6
41. Qf2 Qd6 42. Kg1 Re8 43. Qe1 Qb6 44. h4 Rf4 45. Qg3 Rxd4 46. cxd4 Qxd4+ 47.
Kh2 Rf8 48. Rxe6 Bxe6 49. Rxe6 Rf6 50. Qc7+ Rf7 51. Qg3 Rf6 52. Qc7+ Rf7 53. Qg3
Rf6 54. Qc7+ 1/2-1/2

[Event "69th Moscow Blitz"]
[Site "Moscow RUS"]
[Date "2015.09.06"]
[Round "8.5"]
[White "Sychev, Klementy"]
[Black "Onischuk, Alexander"]
[Result "0-1"]
[WhiteTitle "IM"]
[BlackTitle "GM"]
[WhiteElo "2414"]
[BlackElo "2662"]
[WhiteFideId "4114060"]
[BlackFideId "14101025"]
[EventDate "2015.09.06"]

1. d4 Nf6 2. c4 e6 3. Nf3 d5 4. g3 Be7 5. Bg2 O-O 6. O-O dxc4 7. Qc2 a6 8. Qxc4
b5 9. Qc2 Bb7 10. Bd2 Bd6 11. Re1 Nbd7 12. e4 e5 13. dxe5 Nxe5 14. Nxe5 Bxe5 15.
Bc3 Qe7 16. Bxe5 Qxe5 17. Nd2 c5 18. a4 c4 19. h3 Rfd8 20. Nf3 Qe7 21. Nh4 g6
22. e5 Nd5 23. axb5 axb5 24. Rxa8 Bxa8 25. e6 Nb4 26. exf7+ Qxf7 27. Qe2 Nd3 28.
Ra1 Bxg2 29. Nxg2 Re8 30. Qd2 Qf3 31. Ne1 Qd5 32. Nxd3 cxd3 33. Re1 Rxe1+ 34.
Qxe1 Kf7 35. Qd2 Qe4 36. Qc3 Qc4 37. Qd2 Qc2 38. Qf4+ Ke6 39. Qe4+ Kd6 40. b4
Qc1+ 41. Kh2 Qc4 42. Qe8 Qc2 43. Qd8+ Ke5 44. Qe7+ Kd4 0-1

[Event "69th Moscow Blitz"]
[Site "Moscow RUS"]
[Date "2015.09.06"]
[Round "8.7"]
[White "Vavulin, Maksim"]
[Black "Oparin, Grigoriy"]
[Result "0-1"]
[WhiteTitle "IM"]
[BlackTitle "GM"]
[WhiteElo "2441"]
[BlackElo "2569"]
[WhiteFideId "4169530"]
[BlackFideId "24125890"]
[EventDate "2015.09.06"]

1. e4 c5 2. b3 Nc6 3. Bb2 e5 4. Bc4 Nf6 5. d3 d5 6. exd5 Nxd5 7. Nf3 f6 8. O-O
Be7 9. Nbd2 Nb6 10. Bb5 Bd7 11. Ne4 O-O 12. Bxc6 Bxc6 13. Qe2 Nd5 14. Rad1 Qd7
15. Nfd2 Nf4 16. Qe3 Qg4 17. Qf3 Qg6 18. Nc4 b5 19. Na5 Bd7 20. Ng3 h5 21. Qb7
Rad8 22. Nc6 Bxc6 23. Qxc6 h4 24. Qxb5 hxg3 25. fxg3 Ne2+ 26. Kf2 Nd4 27. Qb7
Rf7 28. Qxa7 Nxc2 29. Qa6 Nb4 30. Qc4 Nxd3+ 31. Kg1 Nxb2 32. Rxd8+ Bxd8 33. Qxc5
Nd3 34. Qd5 Bb6+ 0-1

[Event "69th Moscow Blitz"]
[Site "Moscow RUS"]
[Date "2015.09.06"]
[Round "8.8"]
[White "Najer, Evgeniy"]
[Black "Novikov, Stanislav"]
[Result "1-0"]
[WhiteTitle "GM"]
[BlackTitle "GM"]
[WhiteElo "2658"]
[BlackElo "2536"]
[WhiteFideId "4118987"]
[BlackFideId "4125371"]
[EventDate "2015.09.06"]

1. e4 g6 2. d4 Bg7 3. Nc3 c6 4. h3 b5 5. a3 d6 6. f4 Nd7 7. Nf3 Bb7 8. Bd3 a6 9.
e5 c5 10. e6 fxe6 11. Ng5 Bxd4 12. Nxe6 Qb6 13. Qe2 Ngf6 14. Nxd4 cxd4 15. Ne4
Nxe4 16. Bxe4 Nf6 17. Bxb7 Qxb7 18. O-O Qe4 19. Qxe4 Nxe4 20. Rd1 Rc8 21. Rxd4
Rc4 22. Be3 Kd7 23. c3 Rhc8 24. Rad1 Rxd4 25. Bxd4 Ng3 26. Kf2 Nf5 27. g4 Nxd4
28. Rxd4 Rc5 29. Ke3 e6 30. Kd3 Ke7 31. b4 Rc8 32. c4 Kd7 33. c5 d5 34. Ke3 Rf8
35. Rd1 Ra8 36. Kd4 a5 37. f5 gxf5 38. gxf5 axb4 39. axb4 Ra4 40. Ke5 exf5 41.
Rxd5+ Kc7 42. Rd4 Ra3 43. Rh4 Rb3 44. Rxh7+ Kc6 45. Rh4 Kc7 46. Kd5 Rd3+ 47. Ke6
f4 48. Ke5 f3 49. Rf4 f2 50. h4 Rh3 51. Rxf2 Rxh4 52. Rf7+ Kc6 53. Rf6+ Kc7 54.
Rf4 Rh5+ 55. Kd4 Rh3 56. Rf7+ Kc6 57. Rf6+ Kc7 58. Rb6 Rh4+ 59. Kc3 Rh3+ 60. Kd2
Rh2+ 61. Ke1 Rh1+ 62. Kf2 Rh2+ 63. Kg3 Rb2 64. Rxb5 Rc2 65. Rb6 Rc4 66. Kf3 Rh4
67. Ke2 Rd4 68. Ke3 Rh4 69. Kd3 Rg4 70. Kc3 Rh4 71. Kb3 Rh2 72. Ka4 Rh1 73. Kb5
Rh5 74. Rg6 Rh4 75. Rg7+ Kb8 76. Ka5 Rh6 77. b5 Rf6 78. c6 Rf5 79. Ka6 Rf8 80.
Rb7+ 1-0

[Event "69th Moscow Blitz"]
[Site "Moscow RUS"]
[Date "2015.09.06"]
[Round "8.9"]
[White "Mozharov, Mikhail"]
[Black "Zvjaginsev, Vadim"]
[Result "0-1"]
[WhiteTitle "GM"]
[BlackTitle "GM"]
[WhiteElo "2573"]
[BlackElo "2660"]
[WhiteFideId "4189825"]
[BlackFideId "4113403"]
[EventDate "2015.09.06"]

1. Nf3 d5 2. c4 e6 3. g3 Nf6 4. Bg2 Be7 5. O-O O-O 6. d4 c5 7. cxd5 exd5 8. Nc3
Be6 9. dxc5 Bxc5 10. Na4 Be7 11. Be3 Nc6 12. Rc1 Re8 13. Bc5 Ne4 14. Bxe7 Qxe7
15. Qb3 Rad8 16. Qe3 Qb4 17. b3 h6 18. Rfd1 Qa3 19. Rc2 Bf5 20. Qc1 Qe7 21. Nd4
Nxd4 22. Rxd4 Nxf2 23. Rc7 Qxe2 24. Rf4 Nh3+ 25. Kh1 Nxf4 0-1

[Event "69th Moscow Blitz"]
[Site "Moscow RUS"]
[Date "2015.09.06"]
[Round "8.10"]
[White "Dubov, Daniil"]
[Black "Kobalia, Mikhail"]
[Result "0-1"]
[WhiteTitle "GM"]
[BlackTitle "GM"]
[WhiteElo "2661"]
[BlackElo "2632"]
[WhiteFideId "24126055"]
[BlackFideId "4119150"]
[EventDate "2015.09.06"]

1. d4 d5 2. c4 c6 3. Nf3 Nf6 4. cxd5 cxd5 5. Nc3 Nc6 6. Bf4 a6 7. Rc1 e6 8. e3
Bd6 9. Bg5 h6 10. Bh4 O-O 11. Bd3 Bd7 12. O-O b5 13. Bb1 Be7 14. Ne5 Rc8 15. Qd3
Nb4 16. Qe2 Nh7 17. Bxe7 Qxe7 18. a3 Nc6 19. Nd3 b4 20. axb4 Nxb4 21. Nc5 a5 22.
f4 Bc6 23. Na2 Rb8 24. Nxb4 Rxb4 25. Rf2 Nf6 26. Qe1 Ba8 27. Na6 Rb3 28. Bc2 Rb6
29. Qxa5 Qa7 30. Bd3 Ne4 31. Rfc2 Bb7 32. b4 Rxa6 33. Bxa6 Qxa6 34. Qxa6 Bxa6
35. Rc7 Rb8 36. R1c6 Rxb4 37. h3 Rb1+ 38. Kh2 Bd3 39. Rd7 Rb2 40. Rc8+ Kh7 41.
Rcc7 Bf1 42. Kg1 Ng3 0-1

[Event "69th Moscow Blitz"]
[Site "Moscow RUS"]
[Date "2015.09.06"]
[Round "9.1"]
[White "Kobalia, Mikhail"]
[Black "Grachev, Boris"]
[Result "1/2-1/2"]
[WhiteTitle "GM"]
[BlackTitle "GM"]
[WhiteElo "2632"]
[BlackElo "2649"]
[WhiteFideId "4119150"]
[BlackFideId "4129199"]
[EventDate "2015.09.06"]

1. e4 c5 2. Nf3 e6 3. g3 Nc6 4. Bg2 Nf6 5. d3 d6 6. O-O Be7 7. Re1 O-O 8. c3 Ne5
9. d4 Nxf3+ 10. Bxf3 e5 11. dxe5 dxe5 12. Qe2 Be6 13. Na3 h6 14. Nc4 Qc7 15.
Nxe5 Rfe8 16. Nc4 Bxc4 17. Qxc4 Nd7 18. Bf4 Ne5 19. Qe2 Bg5 20. Bxe5 Qxe5 21.
Bg2 Be7 22. f4 Qe6 23. e5 Rad8 24. Bxb7 c4 25. Bg2 Rd3 26. Be4 Bc5+ 27. Kg2 Re3
28. Qc2 Rd8 29. Rxe3 Bxe3 30. Rd1 Qb6 31. Kf3 Bg1 32. Rxd8+ Qxd8 33. Qa4 Bxh2
34. Kg2 Qd2+ 35. Kh3 g5 36. e6 g4+ 37. Kh4 Bxg3+ 38. Kxg3 Qe1+ 39. Kxg4 Qg1+ 40.
Kf3 Qh1+ 41. Kg3 Qe1+ 42. Kg4 Qg1+ 43. Kh3 Qe3+ 44. Kg4 Qg1+ 45. Kf3 Qh1+ 46.
Ke3 Qg1+ 47. Kd2 Qf2+ 48. Kc1 Qxf4+ 49. Kd1 Qf1+ 50. Kd2 Qf4+ 51. Kd1 Qf1+ 52.
Kd2 Qf4+ 53. Kd1 1/2-1/2

[Event "69th Moscow Blitz"]
[Site "Moscow RUS"]
[Date "2015.09.06"]
[Round "9.2"]
[White "Zvjaginsev, Vadim"]
[Black "Dubov, Daniil"]
[Result "1-0"]
[WhiteTitle "GM"]
[BlackTitle "GM"]
[WhiteElo "2660"]
[BlackElo "2661"]
[WhiteFideId "4113403"]
[BlackFideId "24126055"]
[EventDate "2015.09.06"]

1. e4 g6 2. d4 Bg7 3. Nf3 d6 4. Be2 Nf6 5. Nc3 O-O 6. O-O a6 7. Re1 b5 8. e5 Ne8
9. Bg5 h6 10. Bh4 Bb7 11. Bf1 dxe5 12. Nxe5 Nf6 13. a4 b4 14. Na2 a5 15. c3 Na6
16. cxb4 axb4 17. Rc1 Qd5 18. b3 Rad8 19. Nxg6 Kh7 20. Nxf8+ Rxf8 21. Rxe7 Rg8
22. Re5 Qd6 23. Bg3 Qd7 24. Qd3+ Kh8 25. Ra5 Qe6 26. Qc4 Nd5 27. Rxa6 Bxa6 28.
Qxa6 Qf5 29. Qd3 Qg5 30. Rc5 c6 31. a5 Re8 32. a6 Qe7 33. Rxc6 Qd7 34. Rc5 Nc3
35. Nxc3 bxc3 36. Rxc3 Re1 37. a7 Qb7 38. Rc7 Qa8 39. Qc4 Kh7 40. Qxf7 1-0

[Event "69th Moscow Blitz"]
[Site "Moscow RUS"]
[Date "2015.09.06"]
[Round "9.3"]
[White "Novikov, Stanislav"]
[Black "Mozharov, Mikhail"]
[Result "0-1"]
[WhiteTitle "GM"]
[BlackTitle "GM"]
[WhiteElo "2536"]
[BlackElo "2573"]
[WhiteFideId "4125371"]
[BlackFideId "4189825"]
[EventDate "2015.09.06"]

1. e4 c6 2. d4 d5 3. e5 Bf5 4. h4 h5 5. c4 e6 6. Nc3 Ne7 7. Bg5 Qb6 8. Qd2 Nd7
9. c5 Qc7 10. Nge2 f6 11. exf6 gxf6 12. Be3 e5 13. Ng3 Bg6 14. Be2 O-O-O 15. b4
Bg7 16. b5 f5 17. bxc6 Qxc6 18. Nb5 Kb8 19. f4 exd4 20. Nxd4 Qf6 21. Rb1 Nxc5
22. Qb4 Rc8 23. O-O Nc6 24. Nxc6+ Qxc6 25. Rfc1 Bf8 26. Kh2 Rh7 27. Bf3 Rd7 28.
Bd4 Be7 29. Ne2 Qb6 30. Be5+ Ka8 31. Qa3 Qd8 32. Nd4 Ne4 33. Nb5 Bxa3 0-1

[Event "69th Moscow Blitz"]
[Site "Moscow RUS"]
[Date "2015.09.06"]
[Round "9.4"]
[White "Oparin, Grigoriy"]
[Black "Najer, Evgeniy"]
[Result "1-0"]
[WhiteTitle "GM"]
[BlackTitle "GM"]
[WhiteElo "2569"]
[BlackElo "2658"]
[WhiteFideId "24125890"]
[BlackFideId "4118987"]
[EventDate "2015.09.06"]

1. e4 e5 2. Nf3 Nc6 3. Bb5 Nd4 4. Nxd4 exd4 5. O-O Bc5 6. d3 c6 7. Bc4 d5 8.
exd5 cxd5 9. Bb5+ Kf8 10. Re1 Ne7 11. Bg5 f6 12. Bf4 Qa5 13. c4 dxc3 14. Nxc3 d4
15. Qh5 Bf5 16. Rxe7 Bxe7 17. Bc4 g6 18. Qh6+ Ke8 19. Qg7 dxc3 20. Qxh8+ Bf8 21.
Qxf6 Kd7 22. bxc3 Be7 23. Qd4+ Kc6 24. a4 a6 25. Qe3 Kd7 26. Re1 Re8 27. Bg5 Qd8
28. Bxe7 Rxe7 29. Qd4+ Ke8 30. Qh8+ Kd7 31. Qxd8+ Kxd8 32. Rxe7 Kxe7 33. f4 Kd6
34. d4 a5 35. Kf2 Bd7 36. Bb3 b5 37. axb5 Bxb5 38. c4 a4 39. Ba2 Be8 40. Ke3 Bd7
41. Kd3 Bg4 42. Kc3 Bd1 43. Kb4 Kc6 44. d5+ Kc7 45. c5 Kd7 46. Bc4 Kc7 47. Bb5 1-0